000 00456nam a22001937a 4500
003 MPLRDC
005 20220104124641.0
008 210129b ||||| |||| 00| 0 eng d
020 _a7-81091-217-8
082 _a096 ZZF
100 _a臧知非
245 _a人伦本原
_c
250 _a一版一刷
260 _a中国
_b河南大学出版社
_c2005
300 _b332
490 _a元典文化丛书
650 _a孝经
942 _cBK
_o096 ZZF
999 _c21044
_d21034